000 00780nas a2200217 a 4500
001 000430802
003 AM-YeHGA
005 20251001144200.0
008 050518c19229999ai r1 0 0arm d
040 _aAM-YeHGA
041 0 _aarm
245 0 0 _aՄուրճ :
_bԳրական, գեղարվեստական, քննադատական պարբերական /
_cՈրգան պրոլետարական գրողների.
260 _aՅերևան :
_bԱ. հ.,
_c1922-.
270 0 _aԵրևան
300 _aհամար
362 1 _aՀրատարակվում է 1922 թ.
650 0 4 _aԱմսագիր
650 1 4 _aԳրականագիտություն
_vՊարբերական
710 2 _aՀայաստանի պրոլետարական գրողների միություն
942 _2udc
_cCR
999 _c162428
_d162428